都市傳說 . 如月車站 . 12
| 資料類型: | 圖書 | 書目號: | 51618 |
Leader xxxxxxxxxx 001 __ 102485/1/01 005 __ 20171120175602.596 010 0_ |a9789869350433|b第12冊 : 平裝|d新臺幣280元 042 __ |anbim 100 __ |a20171120d2016 k y0chiy50 e 101 0_ |achi 102 __ |atw 105 __ |ay z 000ay 200 1_ |a都市傳說|h12|i如月車站|f笭菁著 205 __ |a初版 210 __ |a臺北市|c奇幻基地出版|c家庭傳媒城邦分公司發行|d2016[民105] 215 0_ |a301面|d21公分 225 12 |a境外之城|v66 517 1_ |a如月車站|zchi 681 __ |a857.7|b855 v.12 700 _0 |a笭菁|4著 801 _0 |atw|bLibDipper|c20171120|gCCR |